Dopad vstupu Slovenska do eurozóny na trh práce vývoj podmienok fungovania trhu práce smeruje k jeho vyššej pružnosti

Bibliographic Details
Main Author: Ivanová, Pavlína (ekonómka) (Author)
Format: Article
Language:Slovak
PhysicalDescription:Grafy, tab.
ISSN:1337-0138
Subjects:

MARC

LEADER 00000nab a2200000 ar4500
001 vtls009283772
003 SK-MaSNL
005 20260426085533.0
008 250507c2008 xo mr|p|||||||000 b|slo
015 |a SNBRB2008/04  |2 snkbucl 
035 |a (uuid)3cffcc5d-0a39-43b8-b7a5-96c129053c84 
035 |a urn:nbn:sk:snk-abad9z 
035 |a (urnnbn)urn:nbn:sk:snk:ar-a0ad2q 
038 |a SNKBUCL 
040 |a SNKBUCL  |b slo  |c SNKBUCL  |e AACR2 
041 0 |a slo 
044 |a xo  |c SK 
080 |a 339.738(4:437.6):331.5(437.6)  |2 2001 
080 |a 331.5(437.6)  |2 2001 
080 |a 336.74  |x (4:437.6)  |2 2001 
100 1 |a Ivanová, Pavlína  |c (ekonómka)  |4 aut  |9 113033 
245 1 0 |a Dopad vstupu Slovenska do eurozóny na trh práce  |b vývoj podmienok fungovania trhu práce smeruje k jeho vyššej pružnosti  |c Pavlína Ivanová 
300 |b Grafy, tab. 
610 2 7 |a Európska únia  |2 SNKKA  |9 29861 
650 0 7 |a eurozóna  |2 snkbucl  |9 13394 
650 0 7 |a menová integrácia  |2 snkbucl  |9 73346 
650 0 7 |a trh práce  |2 snkbucl  |9 2371 
651 7 |a Slovensko  |2 snkbucl  |9 14231 
773 0 |t Doprava a logistika  |g Roč. 3., č. 3 (2008), s. 16  |x 1337-0138 
850 |a Slovenská národná knižnica 
852 |a Slovenská národná knižnica 
954 |a odborná, vedecká literatúra pôvodná (slovenská)  |2 lita 
958 |a article14 
958 |a OND 
958 |a SK 
958 |a EUIPO 
999 |c 2967371  |d 2969301